Bo Widerberg's New Swedish Cinema : Adalen 31 /
Como material adicional, la edición de Criterion Collection incluye lo siguiente: 1) rueda de prensa televisada con entrevistas al cineasta Bo Widerberg, así como al líder del sindicato de obreros Hjalmar Näsström, quien participó en las huelgas de Adalen de 1931.
Saved in:
| Main Author: | |
|---|---|
| Other Authors: | , , , , , , , , |
| Format: | |
| Language: | Swedish |
| Edition: | Edición especial |
| Series: | (Criterion Collection ;
1189/4) |
| Subjects: | |
| Tags: |
No Tags, Be the first to tag this record!
|
MARC
| LEADER | 00000ngm^a2200000^a^4500 | ||
|---|---|---|---|
| 001 | 000577285 | ||
| 005 | 20260516110653.0 | ||
| 009 | 20260526153234.507 | ||
| 020 | |a 979-8-88607-053-8 | ||
| 037 | |a Acervo ITESO - Biblioteca | ||
| 041 | |a SUE | ||
| 082 | |a 808. 8 |b CRI V. 1189 T. 4 | ||
| 100 | |a Widerberg, Bo |e (realización) | ||
| 240 | 1 | 1 | |a [Bo Widerberg's New Swedish Cinema] |
| 240 | 1 | 1 | |a [Adalen 31] |
| 245 | 1 | 0 | |a Bo Widerberg's New Swedish Cinema : |b Adalen 31 / |c Realización de B. Widerberg. |
| 246 | 2 | |a Título en México: no conocido/no identificado | |
| 246 | 2 | |a Título alternativo en español (Argentina): Adalen 31 | |
| 250 | |a Edición especial | ||
| 264 | 2 | |a Suecia : |b Svensk Filmindustri, |c 1969, c1969 | |
| 264 | 2 | |a Nueva York, EUA : |b Criterion Collection [distribución], |c 2023, c2023 | |
| 300 | |a 1 blu-ray región A (114 min.) : |b color + |e 1 folleto (32 p.) | ||
| 336 | |a imagen móvil bidimensional |b tdi |2 rdacontenido | ||
| 337 | |a video |b v |2 rdamedio | ||
| 338 | |a videodisco |b vd |2 rdasoporte | ||
| 440 | 1 | |a (Criterion Collection ; |v 1189/4) | |
| 520 | |a Como material adicional, la edición de Criterion Collection incluye lo siguiente: 1) rueda de prensa televisada con entrevistas al cineasta Bo Widerberg, así como al líder del sindicato de obreros Hjalmar Näsström, quien participó en las huelgas de Adalen de 1931. | ||
| 546 | |a En sueco, con subtítulos opcionales: inglés | ||
| 586 | |a Premio Guldbaggen, del Instituto Sueco de Cine (6°: 1969): Mejor Dirección (ganador: Bo Widerberg) | ||
| 586 | |a Premio BAFTA, de la Academia Británica de Cine y Televisión (23°: 1969): Premio Naciones Unidas (finalista) | ||
| 586 | |a Premio Bodil, de la Asociación Danesa de Críticos de Cine (23°: 1970): Mejor Película Europea (ganadora) | ||
| 586 | |a Premio Globo de Oro, de la Asociación de la Prensa Extranjera de Hollywood (27°: 1969): Mejor Película Extranjera en Lengua No Inglesa (finalista) | ||
| 586 | |a Premio Oscar, de la Academia Norteamericana de Cine (42°: 1969): Mejor Película en Lengua No Inglesa (finalista) | ||
| 649 | |a XX | ||
| 650 | |a Cineastas Suecos - |x Entrevistas | ||
| 650 | |a Obreros en el Cine | ||
| 650 | |a Obreros Suecos - |x Entrevistas | ||
| 650 | |a Clase Baja en el Cine | ||
| 650 | |a Clase Baja - |z Suecia - |x Historia - |y Gustavo V, 1907-1950 | ||
| 650 | |a Dramas Cinematográficos | ||
| 650 | |a Cine Social y Político | ||
| 650 | |a Cine Sueco - |y 1960-1969 | ||
| 650 | |a Cine Sueco - |y Siglo XXI | ||
| 650 | |a Cine Sueco - |x Historia y Crítica | ||
| 650 | |a Televisión - |z Suecia - |y 1960-1969 | ||
| 650 | |a Televisión - |z Suecia - |y Siglo XX | ||
| 650 | |a Huelgas y Paros - |z Suecia - |x Historia - |y Gustavo V, 1907-1950 - |x Tema Principal | ||
| 650 | |a Movimientos Obreros - |z Suecia - |x Historia - |y Gustavo V, 1907-1950 | ||
| 650 | |a Movimientos Sociales - |z Suecia - |x Historia - |y Gustavo V, 1907-1950 | ||
| 650 | |a Violencia Política - |z Suecia - |x Historia - |y Gustavo V, 1907-1950 | ||
| 650 | |a Política - |z Suecia - |x Historia - |y Gustavo V, 1907-1950 | ||
| 650 | |a Política - |z Suecia - |x Historia - |y Siglo XX | ||
| 650 | |a Suecia - |x Historia - |y Gustavo V, 1907-1950 | ||
| 650 | |a Suecia - |x Historia - |y Siglo XX | ||
| 650 | |a Suecia - |x Historia - |y Dinastía Bernadotte, 1818 en Adelante | ||
| 650 | |a Widerberg, Bo - |x Tema Principal | ||
| 650 | |a Näsström, Hjalmar | ||
| 700 | |a Widerberg, Bo |e (guión) | ||
| 700 | |a Persson, Jörgen |e (fotógrafo) | ||
| 700 | |a Sydow, Anne von |e (vestuario) | ||
| 700 | |a Widerberg, Bo |e (montaje) | ||
| 700 | |a Schildt, Peter |e (actuación) | ||
| 700 | |a Tidelius, Kerstin |e (actuación) | ||
| 700 | |a Hedlund, Roland |e (actuación) | ||
| 700 | |a Proulx, Alexandra |e (producción) | ||
| 700 | |a Cowie, Peter |e (texto del folleto) | ||
| 740 | 0 | |a Adalen 31 = |b Adalen 31 / |c Realización de B. Widerberg. | |
| 740 | 0 | |a Another Sweden / |c Texto del folleto de P. Cowie. | |
| 910 | |a Fondo General | ||
| 920 | |a Audiovisuales - Blu-rays | ||
| 940 | |a Películas | ||
| 905 | |a 309 | ||
| 901 | |a 0500405519 |b IT2 |c BRR |i C184675 |u 20250521 | ||
| 901 | |a 0500405513 |b IT2 |c MIN |i C184676 |u 20251020 | ||
| 902 | |a https://opac.biblio.iteso.mx/vufind/Record/000577285 | ||